|
|
|
|
| LEADER |
00000nam0a2200000 4500 |
| 001 |
109605 |
| 005 |
20231031120115.0 |
| 035 |
|
|
|a (RuTPU)RU\TPU\book\118365
|
| 035 |
|
|
|a RU\TPU\book\114165
|
| 090 |
|
|
|a 109605
|
| 100 |
|
|
|a 20070209d2005 k y0rusy50 ca
|
| 101 |
0 |
|
|a rus
|
| 102 |
|
|
|a RU
|
| 105 |
|
|
|a a z 101zy
|
| 200 |
1 |
|
|a Электротехника, электромеханика и электротехнологии
|e труды пятой региональной научно-практической студенческой конференции, Томск, 7-10 июня 2005 г.
|f Томский политехнический университет; Электротехнический институт
|
| 210 |
|
|
|a Томск
|c Изд-во ТПУ
|d 2005
|
| 215 |
|
|
|a 296 с.
|c ил.
|
| 320 |
|
|
|a Библиография в конце докладов.
|
| 330 |
|
|
|a Настоящий сборник содержит материалы, посвященные современным научным и техническим вопросам в области электроизоляционной и кабельной техники, электрических машин и аппаратов, электропривода и автоматизации технологических процессов. Конференция проводилась 7-10 июня 2005 г. на базе Электротехнического института Томского политехнического университета.
|
| 610 |
1 |
|
|a электротехника
|
| 610 |
1 |
|
|a электромеханика
|
| 610 |
1 |
|
|a электротехнологии
|
| 610 |
1 |
|
|a электроизоляционная техника
|
| 610 |
1 |
|
|a кабельная техника
|
| 610 |
1 |
|
|a электроприводы
|
| 610 |
1 |
|
|a микропроцессорное управление
|
| 610 |
1 |
|
|a технологические процессы
|
| 610 |
1 |
|
|a автоматизация
|
| 610 |
1 |
|
|a электрооборудование
|
| 610 |
1 |
|
|a электрические машины
|
| 610 |
1 |
|
|a электрические аппараты
|
| 610 |
1 |
|
|a электронные аппараты
|
| 610 |
1 |
|
|a электрические материалы
|
| 610 |
1 |
|
|a инженерная графика
|
| 610 |
1 |
|
|a компьютерная графика
|
| 610 |
1 |
|
|a конференции
|
| 675 |
|
|
|a 621.3(063)
|v 3
|
| 712 |
0 |
2 |
|a Томский политехнический университет (ТПУ)
|b Электротехнический институт (ЭЛТИ)
|2 stltpush
|3 (RuTPU)RU\TPU\col\4304
|
| 712 |
1 |
2 |
|a Электротехника, электромеханика и электротехнологии
|b региональная научно-практическая студенческая конференция
|c труды
|d 5
|e Томск
|f 2005
|
| 801 |
|
1 |
|a RU
|b 63413507
|c 20061122
|g PSBO
|
| 801 |
|
2 |
|a RU
|b 63413507
|c 20091001
|g PSBO
|
| 942 |
|
|
|c BK
|